000 00816nam a2200253 a 4500
001 BRL_469
005 20190320210745.0
008 190813s1955----mx-abg####---#000-0#spa-#
041 _aspa
044 _amx
050 4 _aML482
_b.M37 1955
100 1 _aMartí, Samuel
_924008
245 1 0 _aInstrumentos musicales precortesianos
_cSamuel Marti.
260 _aMéxico
_bInstituto Nacional de Antropología
_c1955
300 _a227 p.
_bil. (algunas a color)
_c23 cm.
500 _aAu459
500 _aTiene desprendida la cubierta del lomo.
504 _aBibliografía: p. 213-215
650 1 4 _aIndígenas de México
_xMúsica
_xHistoria y crítica
_924009
650 1 4 _aInstrumentos musicales indígenas
_zMéxico
_924010
650 1 4 _aInstrumentos musicales primitivos
_924011
902 _aGRL
942 _2lcc
_cB
999 _c9281
_d9281